LEADER 02493nam a2200457 u 4500 001 000000010915 003 CaOOAMICUS 005 20070226105353.0 008 940516s1967 it u000 u ita u 035 $a10270374 040 $aPUL(R)$bita 245 00$aFilosofi tedeschi d'oggi /$csaggi di Theodor W. Adorno [et al.]. 260 $a[Bologna] :$bIl Mulino,$c[1967] 300 $axix, 477 [2] p. ;$c22 cm 490 1 $aSaggi (Il Mulino) ;$v63 650 4$aFilosofia tedesca$ySec. XX.$0(OLS)http://pul/subject/8341 700 1 $aAdorno, Theodor Wiesengrund,$d1903-1969.$0(OLS)http://pul/name/506 774 0 $aAdorno, Theodor Wiesengrund.$tSulla dialettica del progresso$w()103327 774 0 $aBloch, Ernst.$tGli strati della categoria della possibilità$w()103328 774 0 $aGabriel, Leo.$tIl problema dell'intero$w()103329 774 0 $aGadamer, Hans Georg.$tL'universalità del problema ermeneutico$w()103330 774 0 $aGuardini, Romano.$tComprensione e accettazione$w()103331 774 0 $aVon Hildebrand, Dietrich.$tEssenza e valore della conoscenza$w()103332 774 0 $aKuhn, Helmut.$tL'affermazione ontologica$w()103333 774 0 $aLandgrebe, Ludwig.$tIntroduzione alla fenomenologia di Edmund Husserl$w()103334 774 0 $aLotz, Johannes Baptist.$tLa mia prospettiva filosofica$w()103335 774 0 $aLöwith, Karl.$tLa fine e il superamento della metafisica in Dilthey e in Heidegger$w()103336 774 0 $aMüller, Friedrich Max.$tLa trsformazione della metafisica come compito attuale della filosofia$w()103337 774 0 $aPieper, Josef.$tPerorazione per la filosofia$w()103338 774 0 $aPle{BE}ner, Helmuth.$tL'uomo come essere biologico$w()103339 774 0 $aRintelen, Fritz Joachim von.$tFilosofia dello spirito vivente$w()103340 774 0 $aSilva-Tarouca, Amadeo.$tTeoria ontofenomenologica della verità$w()103341 774 0 $aTopitsch, Ernst.$tLa mia prospettiva filosofica$w()103342 774 0 $aWeizsäcker, Carl Friedrich von.$tL'unità della fisica come compito costruttivo$w()103343 830 0$aSaggi (Il Mulino) ;$v63.$0(OLS)http://pul/title/7843 850 $aPUL 852 $aPUL$W1$xDP1 Fondo Giannini$y60$m1558 C 2$j15467$nBK-PRI$b $qFondi$B15467$CPULBib$Z2$F15467 $H $81 941 1 $a1 961 $aINV: Fondo Giannini 996 $6245$aFilosofi tedeschi d'oggi$9(OLS)http://pul/title/15880 996 $6260$a[Bologna] :$bIl Mulino$9(OLS)http://pul/publisher/51012 LEADER 03138nam a2200421 u 4500 001 000000027603 003 CaOOAMICUS 005 20070907162923.0 008 960117m19702000gw u000 u ger u 035 $a10717506 040 $aIPA$bita$dPUL$dLDB 245 00$aTheologisches Wörterbuch zum Alten Testament /$cin Verbindung mit George W. Anderson ... [et al.] ; herausgegeben von G. Johannes Botterweck und Helmer Ringgren. 260 $aStuttgart :$bW. Kohlhammer,$c1970-2000. 300 $av. <1-10> ;$c25 cm. 500 $aBd. 5: herausgegeben von G. Johannes Botterweck (+), Helmer Ringgren, Heinz-Josef Fabry. Bd. 6-8: begründet von G. Johannes Botterweck und Helmer Ringgren, herausgegeben von Heinz-Josef Fabry und Helmer Ringgren. -- Bd. 9: Aramäisches Wörterbuch /hrsg. von Ingo Kottsieper. -- Bd. 10. Register. Leteraturnachträge. 630 04$aBiblia.$pV.T.$xDizionari.$0(OLS)http://pul/subject/9421 700 1 $aAnderson, George W.$0(OLS)http://pul/name/22552 700 1 $aBotterweck, Johannes.$0(OLS)http://pul/name/22553 700 1 $aKottsieper, Ingo.$0(OLS)http://pul/name/53140 700 1 $aFabry, Heinz-Josef.$0(OLS)http://pul/name/22555 700 1 $aRinggren, Helmer,$d1917-$0(OLS)http://pul/name/22554 850 $aPUL 852 $aPUL$W1$xSL Religione 1$y3$m1(6) O 1-8$j38417$nBK-PRI$b $qStampati$B38417$CPULBib$Z2$F38417 $H $81 852 $aPUL$W1$xSL Religione 1$y3$m1(6) O 1-8$j38417$nBK-PRI$b $qStampati$B38418$CPULBib$Z2$F38418 $H $81 852 $aPUL$W1$xSL Religione 1$y3$m1(6) O 1-8$j38417$nBK-PRI$b $qStampati$B38419$CPULBib$Z2$F38419 $H $81 852 $aPUL$W1$xSL Religione 1$y3$m1(6) O 1-8$j38417$nBK-PRI$b $qStampati$B38420$CPULBib$Z2$F38420 $H $81 852 $aPUL$W1$xSL Religione 1$y3$m1(6) O 1-8$j38417$nBK-PRI$b $qStampati$B38421$CPULBib$Z2$F38421 $H $81 852 $aPUL$W1$xSL Religione 1$y3$m1(6) O 1-8$j38417$nBK-PRI$b $qStampati$B38422$CPULBib$Z2$F38422 $H $81 852 $aPUL$W1$xSL Religione 1$y3$m1(6) O 1-8$j38417$nBK-PRI$b $qStampati$B38423$CPULBib$Z2$F38423 $H $81 852 $aPUL$W1$xSL Religione 1$y3$m1(6) O 1-8$j38417$nBK-PRI$b $qStampati$B38424$CPULBib$Z2$F38424 $H $81 852 $aPUL$W1$xDP1 Fondo Gelio$y54$m3 B 40$j38425$nBK-PRI$b $qFondi$B38425$CPULBib$Z2$F38425 $HPUL111 $81 852 $aPUL$W1$xSL Religione 1$y3$m1(6) O 10$j120828$nBK-PRI$av. 10$qStampati$B120011$CPULBib$Z2$F120011 $H81860 $82 852 $aPUL$W1$xSL Religione 1$y3$m1(6) 0 9,1$j120840$aV.9, lfg.1$qStampati$B120021$CPULBib$Z2$F120021 $H88383 $82 941 1 $a8 941 1 $a1 945 00$aTWAT. 996 $6245$aTheologisches Wörterbuch zum Alten Testament$9(OLS)http://pul/title/37747 996 $6260$aStuttgart :$bW. Kohlhammer$9(OLS)http://pul/publisher/48214